[Event "Hansa Dortmund- Bochum"]
[Site "?"]
[Date "2022.10.16"]
[Round "3.4"]
[White "Karger, Frank"]
[Black "Werthebach, Felix"]
[Result "1/2-1/2"]
[WhiteElo "2264"]
[BlackElo "2232"]
[PlyCount "133"]
[EventDate "2022.??.??"]
[SourceVersionDate "2023.06.22"]

1. d4 f5 2. Bg5 h6 3. Bh4 g5 4. e3 Nf6 5. Bg3 d6 6. Nc3 Bg7 7. Bc4 e6 8. h4 g4
9. h5 Qe7 10. Nge2 Nbd7 11. Nf4 Nf8 12. Qe2 Bd7 13. O-O-O O-O-O 14. e4 fxe4 15.
Nxe4 Nxe4 16. Qxe4 Qf7 17. Bb3 Re8 18. Rhe1 Qf6 19. Kb1 Qg5 20. Qe3 Kb8 21. Rh1
e5 22. Rde1 a6 23. dxe5 Bxe5 24. Bf7 Re7 25. Bh4 Qg7 26. Bg6 Ne6 27. Nd5 Ree8
28. Bxe8 Rxe8 29. c3 Bc6 30. Qd2 Nc5 31. f3 gxf3 32. gxf3 Qf7 33. Nb4 Bxf3 34.
Rhf1 Qxh5 35. Ka1 Rf8 36. Bf2 Bg2 37. Rg1 Ne4 38. Ba7+ Kxa7 39. Qxg2 Nxc3 40.
Rxe5 Qxe5 41. bxc3 Qxc3+ 42. Qb2 Qc4 43. Rb1 Rf5 44. Rc1 Rf1 45. Qf2+ Rxf2 46.
Rxc4 c5 47. Nd5 Rf5 48. Ne7 Rf6 49. Rh4 b5 50. Ng8 Rg6 51. Nxh6 Kb6 52. Nf5 c4
53. Ne3 Kc5 54. Kb2 d5 55. Rh5 Rd6 56. a3 a5 57. Rg5 Rd8 58. Rh5 b4 59. axb4+
axb4 60. Rg5 Kd4 61. Nc2+ Kc5 62. Ne3 Kc6 63. Rh5 c3+ 64. Kb3 d4 65. Nc2 d3 66.
Nxb4+ Kb7 67. Nxd3 1/2-1/2

[Event "Hansa Dortmund- Bochum"]
[Site "?"]
[Date "2022.10.16"]
[Round "3.5"]
[White "Backwinkel, Paul"]
[Black "Sundorf, Jannik"]
[Result "1/2-1/2"]
[WhiteElo "2284"]
[BlackElo "2197"]
[PlyCount "89"]
[EventDate "2022.??.??"]
[SourceVersionDate "2023.06.22"]

1. Nf3 c5 2. e3 g6 3. d4 Bg7 4. Be2 Nf6 5. O-O cxd4 6. exd4 d5 7. c3 Nc6 8. h3
O-O 9. Bf4 Bf5 10. Nbd2 Ne4 11. Re1 Re8 12. g4 Nxd2 13. Nxd2 Bc8 14. Nf3 Qb6
15. Qb3 Qxb3 16. axb3 Bd7 17. b4 e5 18. Nxe5 Nxe5 19. Bxe5 Bxe5 20. dxe5 Rxe5
21. Bf3 Rxe1+ 22. Rxe1 Be6 23. Ra1 a6 24. b5 Rb8 25. Ra5 Kf8 26. Kf1 Ke7 27.
Ke1 h6 28. Kd2 axb5 29. Rxb5 Kd6 30. Ke3 b6 31. Kd4 Kc7 32. Bxd5 Bd7 33. Rb4 f5
34. Ke5 Re8+ 35. Kf6 fxg4 36. hxg4 h5 37. g5 Bf5 38. Bf7 Re4 39. Bxg6 Bxg6 40.
Kxg6 Rxb4 41. cxb4 h4 42. Kf7 h3 43. g6 h2 44. g7 h1=Q 45. g8=Q 1/2-1/2

[Event "Hansa Dortmund- Bochum"]
[Site "?"]
[Date "2022.10.16"]
[Round "3.6"]
[White "Krueger, Simon"]
[Black "Wuebker, Paul- Luca"]
[Result "0-1"]
[WhiteElo "2011"]
[BlackElo "2141"]
[PlyCount "142"]
[EventDate "2022.??.??"]
[SourceVersionDate "2023.06.22"]

1. d4 Nf6 2. Nf3 d5 3. g3 c5 4. c4 cxd4 5. cxd5 Qa5+ 6. Qd2 Qxd5 7. Qxd4 Nc6 8.
Qxd5 Nxd5 9. Bg2 g6 10. O-O Bg7 11. Rd1 Ndb4 12. Nc3 Be6 13. Nb5 Rc8 14. Bf4
Bxa2 15. Bh3 f5 16. Nc7+ Rxc7 17. Bxc7 O-O 18. Rd2 Rc8 19. Bf4 e5 20. Be3 a5
21. Bc5 e4 22. Ne1 Be6 23. Bxb4 axb4 24. e3 Ne5 25. Rd4 Nc4 26. Rxe4 Rc6 27.
Rxe6 Rxe6 28. Ra8+ Kf7 29. b3 Nd2 30. Bg2 Rd6 31. Rb8 b6 32. Rb7+ Kf8 33. Rb8+
Ke7 34. Rb7+ Kf8 35. Rb8+ Kf7 36. Rb7+ Kg8 37. Rb8+ Bf8 38. Bf1 Rc6 39. Nd3 Kg7
40. Rb7+ Kh6 41. Be2 Bd6 42. h4 Nxb3 43. Bf3 Rc3 44. Nb2 Be5 45. Rxb6 Nd2 46.
Kg2 b3 47. Rb5 Bg7 48. Bd5 Rc1 49. Nd3 b2 50. Rxb2 Bxb2 51. Nxb2 Rc5 52. Ba8
Rc3 53. Bd5 Kg7 54. Kh3 Ne4 55. Kg2 Nxf2 56. Kxf2 Rc2+ 57. Kf3 Rxb2 58. e4 Kf6
59. exf5 Kxf5 60. g4+ Ke5 61. Bg8 h6 62. Bf7 Rb6 63. Be8 Rb3+ 64. Ke2 g5 65.
hxg5 hxg5 66. Bd7 Kf4 67. Bf5 Kg3 68. Kf1 Rf3+ 69. Kg1 Rf4 70. Be6 Re4 71. Kf1
Rxe6 0-1

[Event "Hansa Dortmund- Bochum"]
[Site "?"]
[Date "2022.10.16"]
[Round "3.7"]
[White "Rempe, Moritz"]
[Black "Hillebrand, Carsten"]
[Result "1/2-1/2"]
[WhiteElo "2000"]
[BlackElo "1961"]
[PlyCount "44"]
[EventDate "2022.??.??"]
[SourceVersionDate "2023.06.22"]

1. e4 c5 2. Nf3 g6 3. d4 cxd4 4. Nxd4 Bg7 5. Be3 Nc6 6. Nc3 Nf6 7. Be2 O-O 8.
O-O d5 9. exd5 Nxd5 10. Nxd5 Nxd4 11. Bxd4 Qxd5 12. Bxg7 Qxd1 13. Raxd1 Kxg7
14. Rd2 Be6 15. Rfd1 Rfc8 16. b3 Rc3 17. Bf3 Rb8 18. Be4 b5 19. Rd8 Rb6 20. Kf1
Ra6 21. Ra1 Rc5 22. Bd3 Bf5 1/2-1/2

[Event "Hansa Dortmund- Bochum"]
[Site "?"]
[Date "2022.10.16"]
[Round "3.8"]
[White "Werner, Patrick"]
[Black "Hofmann, Benjamin"]
[Result "1-0"]
[WhiteElo "1887"]
[BlackElo "1772"]
[PlyCount "69"]
[EventDate "2022.??.??"]
[SourceVersionDate "2023.06.22"]

1. Nf3 d5 2. c4 d4 3. b4 Bg4 4. Qa4+ c6 5. Ne5 Bf5 6. g4 Be4 7. Rg1 Nd7 8. Nxd7
Qxd7 9. d3 Bg6 10. Nd2 Nf6 11. g5 Ng4 12. h3 b5 13. Qa6 Ne5 14. f4 Nxd3+ 15.
exd3 Qe6+ 16. Kd1 bxc4 17. Qxc4 Qd7 18. Bg2 Rc8 19. Bb2 c5 20. b5 Qf5 21. Bc6+
Kd8 22. Kc2 e6 23. Ba3 Qxh3 24. Rgf1 a6 25. Rf3 Qf5 26. Be4 axb5 27. Qxb5 Qg4
28. Qa5+ Kd7 29. Nc4 Bxe4 30. Ne5+ Ke8 31. Nxg4 Bxf3 32. Ne5 Bc6 33. Qa7 Be7
34. Nxc6 Rxc6 35. Qa8+ 1-0

[Event "Lieme- Köln"]
[Site "?"]
[Date "2022.10.16"]
[Round "3.1"]
[White "Strohhaeker, Raoul"]
[Black "Niermann, Tristan"]
[Result "0-1"]
[WhiteElo "2430"]
[BlackElo "2305"]
[PlyCount "66"]
[EventDate "2022.??.??"]
[SourceVersionDate "2023.06.22"]

1. e4 c5 2. Nf3 d6 3. d4 cxd4 4. Nxd4 Nf6 5. Nc3 g6 6. g3 Nc6 7. Nde2 Bg7 8.
Bg2 O-O 9. O-O Rb8 10. a4 a6 11. Nd5 b5 12. axb5 axb5 13. Re1 Ng4 14. c3 b4 15.
Nd4 Nge5 16. Nxc6 Nxc6 17. c4 e6 18. Ne3 Qc7 19. Ra2 Bd7 20. b3 Ra8 21. Rxa8
Rxa8 22. Nc2 Bc3 23. Re3 Ra2 24. h4 e5 25. h5 Nd4 26. Nxd4 Bxd4 27. h6 Qa7 28.
Qf3 Qa8 29. Kh2 Rc2 30. Re1 Rxf2 31. Qd3 Qa2 32. Rg1 Bg4 33. Kh1 Bh3 0-1

[Event "Lieme- Köln"]
[Site "?"]
[Date "2022.10.16"]
[Round "3.2"]
[White "Wittke, Rene"]
[Black "Morawietz, Dieter"]
[Result "1/2-1/2"]
[WhiteElo "2317"]
[BlackElo "2388"]
[PlyCount "90"]
[EventDate "2022.??.??"]
[SourceVersionDate "2023.06.22"]

1. d4 Nf6 2. Nf3 e6 3. c4 c5 4. d5 exd5 5. cxd5 d6 6. e4 g6 7. Nfd2 Bg7 8. Be2
O-O 9. O-O Re8 10. Nc3 Nbd7 11. Qc2 a6 12. a4 Ne5 13. h3 g5 14. f4 gxf4 15.
Rxf4 b6 16. Nf1 Ng6 17. Rf2 Qe7 18. Ng3 Qe5 19. Nf5 Nxe4 20. Qxe4 Bxf5 21. Qxf5
Qxf5 22. Rxf5 Bxc3 23. bxc3 Rxe2 24. Bg5 Re5 25. g4 Rae8 26. Rb1 Rxf5 27. gxf5
Ne5 28. Kf2 h6 29. Bf6 Nd7 30. Rg1+ Kf8 31. Bg7+ Ke7 32. Re1+ Kd8 33. Rxe8+
Kxe8 34. Bxh6 b5 35. axb5 axb5 36. Bf4 Ke7 37. f6+ Kxf6 38. Bxd6 Kg5 39. Kf3 f5
40. Be7+ Kg6 41. h4 Kf7 42. Bd6 Nb6 43. Kf4 Kg6 44. h5+ Kxh5 45. Kxf5 Nxd5
1/2-1/2

[Event "Lieme- Köln"]
[Site "?"]
[Date "2022.10.16"]
[Round "3.3"]
[White "Helbig, Mark"]
[Black "Bentel, Robin"]
[Result "1-0"]
[WhiteElo "2297"]
[BlackElo "2217"]
[PlyCount "105"]
[EventDate "2022.??.??"]
[SourceVersionDate "2023.06.22"]

1. e4 c5 2. Nf3 d6 3. Bb5+ Nd7 4. Ba4 Ngf6 5. O-O g6 6. Re1 Bg7 7. c3 a6 8. d4
b5 9. Bc2 O-O 10. a4 Bb7 11. h3 Qc7 12. Bg5 e5 13. d5 c4 14. Na3 Qb6 15. Be3
Nc5 16. Nd2 Nfd7 17. Qe2 f5 18. f3 f4 19. Bf2 g5 20. Naxc4 bxc4 21. Nxc4 Qc7
22. b4 Nxe4 23. Bxe4 Nf6 24. Nb6 Rab8 25. c4 Bc8 26. Nxc8 Rfxc8 27. Bf5 Qxc4
28. Bxc8 Qxc8 29. Rac1 Qb7 30. Rc6 Qxb4 31. Qxa6 Bf8 32. Rc8 Rxc8 33. Qxc8 Qxa4
34. Qf5 Kf7 35. Qxg5 Qd7 36. Ra1 h6 37. Qh4 Qf5 38. Ra7+ Kg6 39. Kh2 Qg5 40.
Ra5 Be7 41. Be1 Qxh4 42. Bxh4 Ng8 43. Ra8 Bxh4 44. Rxg8+ Kf7 45. Rh8 Kg7 46.
Re8 Bf2 47. Re7+ Kg6 48. Re6+ Kg5 49. Rxd6 h5 50. Re6 Kf5 51. Re8 Bc5 52. g4+
fxg3+ 53. Kxg3 1-0

[Event "Lieme- Köln"]
[Site "?"]
[Date "2022.10.16"]
[Round "3.4"]
[White "Himpenmacher, Andy"]
[Black "Wacker, Peter"]
[Result "1-0"]
[WhiteElo "2197"]
[BlackElo "2280"]
[PlyCount "89"]
[EventDate "2022.??.??"]
[SourceVersionDate "2023.06.22"]

1. Nf3 d5 2. e3 Bf5 3. b3 e6 4. Bb2 h6 5. Be2 Nf6 6. O-O Be7 7. d3 O-O 8. Nbd2
a5 9. Ne5 Bh7 10. Ndf3 Ne8 11. d4 Nd6 12. c4 c6 13. c5 Ne4 14. a3 b5 15. b4
axb4 16. axb4 Rxa1 17. Qxa1 Qc7 18. Qa3 f6 19. Nd3 Nd7 20. Ra1 Rb8 21. Qa6 Rb7
22. h4 g5 23. hxg5 hxg5 24. Nh2 Nd2 25. Bc3 Nc4 26. Qa8+ Nb8 27. Nf1 Kg7 28. f3
Bg6 29. Be1 Nd7 30. Bg3 e5 31. f4 gxf4 32. exf4 Bxd3 33. fxe5 fxe5 34. Bxd3 Rb8
35. Qa7 Rb7 36. Qa2 Qc8 37. Qe2 e4 38. Qg4+ Kf7 39. Qh5+ Kg7 40. Bxc4 bxc4 41.
Ne3 Nf8 42. Nf5+ Kf6 43. Bh4+ Ke6 44. Nxe7 Rxe7 45. Qg4+ 1-0

[Event "Lieme- Köln"]
[Site "?"]
[Date "2022.10.16"]
[Round "3.5"]
[White "Bonnmann, Reinhard"]
[Black "Essing, Arnold"]
[Result "1/2-1/2"]
[WhiteElo "2264"]
[BlackElo "2201"]
[PlyCount "142"]
[EventDate "2022.??.??"]
[SourceVersionDate "2023.06.22"]

1. d4 d5 2. c4 c6 3. Nf3 dxc4 4. Qc2 b5 5. g3 e6 6. Bg2 Nf6 7. O-O Bb7 8. a4 a6
9. Nbd2 Nd5 10. Ne4 Nd7 11. Bg5 Qc7 12. b3 cxb3 13. Qxb3 h6 14. Bd2 Be7 15.
Rfc1 O-O 16. Nc3 Qb8 17. Nd1 Rc8 18. e4 N5b6 19. Nb2 c5 20. a5 Nc4 21. Nxc4
bxc4 22. Qa4 Bc6 23. Qc2 Qb3 24. d5 Qxc2 25. Rxc2 exd5 26. exd5 Bxd5 27. Ne5
Nxe5 28. Bxd5 Ra7 29. Bc3 Rd8 30. Be4 Nd3 31. Rd1 Rad7 32. Kf1 g6 33. Re2 Kf8
34. Bc6 Rd6 35. Ba4 Bf6 36. Bxf6 Rxf6 37. Rc2 Rd4 38. Rdd2 g5 39. h3 h5 40. Re2
g4 41. h4 Re6 42. Re3 Ke7 43. Ke2 Nb4 44. Rc1 Rde4 45. Kd2 Na2 46. Rxe4 Rxe4
47. Re1 c3+ 48. Kd1 Rxe1+ 49. Kxe1 Nb4 50. Kd1 f5 51. Bb3 Nc6 52. Bd5 Nxa5 53.
Kc2 Kd6 54. Bf7 Ke5 55. Bxh5 Nb7 56. f3 gxf3 57. Bxf3 Nd6 58. g4 fxg4 59. Bxg4
Kf4 60. Be2 a5 61. Kxc3 a4 62. h5 Kg5 63. Bd1 a3 64. Kb3 Nb5 65. Bg4 c4+ 66.
Ka2 c3 67. Bd1 Kh6 68. Kb3 Kg5 69. Ka2 Nd4 70. Kxa3 c2 71. Bxc2 Nxc2+ 1/2-1/2

[Event "Lieme- Köln"]
[Site "?"]
[Date "2022.10.16"]
[Round "3.6"]
[White "Schaffarczyk, Andre"]
[Black "Wisskirchen, Andreas"]
[Result "1/2-1/2"]
[WhiteElo "2146"]
[BlackElo "2200"]
[PlyCount "40"]
[EventDate "2022.??.??"]
[SourceVersionDate "2023.06.22"]

1. e4 c5 2. Nf3 d6 3. d4 cxd4 4. Nxd4 Nf6 5. Nc3 g6 6. Be3 Bg7 7. f3 O-O 8. Qd2
Nc6 9. g4 Nxd4 10. Bxd4 Be6 11. O-O-O Qa5 12. a3 Rfc8 13. h4 Rab8 14. Nd5 Qxd2+
15. Rxd2 Bxd5 16. exd5 a6 17. Bh3 Nd7 18. Bxg7 Kxg7 19. g5 Rc7 20. Bxd7 Rxd7
1/2-1/2

[Event "Lieme- Köln"]
[Site "?"]
[Date "2022.10.16"]
[Round "3.7"]
[White "Schmidt, Martin"]
[Black "Erofeev, Anastasia"]
[Result "1-0"]
[WhiteElo "2221"]
[BlackElo "2003"]
[PlyCount "51"]
[EventDate "2022.??.??"]
[SourceVersionDate "2023.06.22"]

1. d4 d5 2. Nf3 Nf6 3. e3 e6 4. Bd3 c5 5. b3 Bd6 6. Bb2 Nbd7 7. O-O Qc7 8. c4
dxc4 9. bxc4 O-O 10. Nc3 a6 11. Rc1 b6 12. a4 Bb7 13. h3 Rfe8 14. Ng5 Rad8 15.
Qc2 Nf8 16. Nce4 Nxe4 17. Nxe4 Qc6 18. f3 Bb8 19. Ng5 f5 20. f4 Qd6 21. Nf3 Nd7
22. d5 Rf8 23. Ng5 Rde8 24. Rcd1 exd5 25. Bxf5 Rxe3 26. Be6+ 1-0

[Event "Lieme- Köln"]
[Site "?"]
[Date "2022.10.16"]
[Round "3.8"]
[White "Karsunke, Marvin"]
[Black "Maric, Boris"]
[Result "1/2-1/2"]
[WhiteElo "1897"]
[BlackElo "2047"]
[PlyCount "40"]
[EventDate "2022.??.??"]
[SourceVersionDate "2023.06.22"]

1. d4 Nf6 2. Nf3 e6 3. c4 b6 4. g3 Bb7 5. Bg2 Be7 6. Nc3 Ne4 7. Nxe4 Bxe4 8.
Nh4 Bxg2 9. Nxg2 d5 10. cxd5 Bb4+ 11. Bd2 Bxd2+ 12. Qxd2 Qxd5 13. O-O Nc6 14.
e3 e5 15. Qe2 O-O 16. dxe5 Qxe5 17. Qc4 Na5 18. Qc2 c5 19. Rfd1 Rad8 20. Nf4 h6
1/2-1/2

[Event "Solingen 3- Erkenschwick"]
[Site "?"]
[Date "2022.10.16"]
[Round "3.2"]
[White "Zolfagharian, Kevin"]
[Black "Jens, Jelmer"]
[Result "1-0"]
[WhiteElo "2249"]
[BlackElo "2400"]
[PlyCount "105"]
[EventDate "2022.??.??"]
[SourceVersionDate "2023.06.22"]

1. e4 c5 2. Nf3 d6 3. d4 cxd4 4. Nxd4 Nf6 5. Nc3 Nc6 6. Bg5 e6 7. Qd2 a6 8.
O-O-O Bd7 9. f4 Be7 10. Nf3 b5 11. e5 b4 12. exf6 bxc3 13. Qxc3 gxf6 14. Kb1 d5
15. Bh4 Rb8 16. f5 Rg8 17. g3 Rg4 18. fxe6 fxe6 19. h3 Rgb4 20. b3 a5 21. Qd3
Re4 22. Qd2 Nb4 23. Bd3 Nxd3 24. cxd3 Reb4 25. Qh6 e5 26. Qh5+ Kf8 27. Ng5 fxg5
28. Rhf1+ Kg8 29. Rf7 Bf5 30. Rxf5 Qc8 31. Rf2 Qe8 32. Qf3 Rd8 33. Qf5 gxh4 34.
Qe6+ Kh8 35. Qxe5+ Kg8 36. Qe6+ Kh8 37. Rf7 Rb6 38. Qf5 Rg6 39. Re1 hxg3 40.
Rexe7 Qxe7 41. Rxe7 g2 42. Re1 g1=Q 43. Rxg1 Rxg1+ 44. Kb2 Rg7 45. Qf6 Re8 46.
Qd4 Rd8 47. a4 Kg8 48. Qc5 Rgd7 49. Qxa5 d4 50. b4 Rc8 51. Qe5 Kf7 52. b5 Rc3
53. a5 1-0

[Event "Solingen 3- Erkenschwick"]
[Site "?"]
[Date "2022.10.16"]
[Round "3.3"]
[White "De Vreugt, Dennis"]
[Black "Asadzade, Idris"]
[Result "1-0"]
[WhiteElo "2407"]
[BlackElo "2209"]
[PlyCount "55"]
[EventDate "2022.??.??"]
[SourceVersionDate "2023.06.22"]

1. e4 c5 2. Nc3 Nc6 3. Nge2 g6 4. d4 cxd4 5. Nxd4 Bg7 6. Nb3 Nf6 7. Be2 d6 8.
O-O O-O 9. Re1 Be6 10. Bf1 Rc8 11. Nd5 Ne5 12. c3 Nc4 13. g3 Qd7 14. Nf4 d5 15.
exd5 Bxd5 16. Bh3 e6 17. Nd4 Ne4 18. Nf3 Rcd8 19. Nxd5 Qxd5 20. Qxd5 exd5 21.
Rd1 Rfe8 22. Bf1 h6 23. Kg2 f5 24. Rxd5 Rxd5 25. Bxc4 Nf6 26. Be3 a6 27. Bd4
Red8 28. Bxf6 1-0

[Event "Solingen 3- Erkenschwick"]
[Site "?"]
[Date "2022.10.16"]
[Round "3.4"]
[White "Wickenfeld, Stefan"]
[Black "Erwich, Frank"]
[Result "1/2-1/2"]
[WhiteElo "2209"]
[BlackElo "2384"]
[PlyCount "40"]
[EventDate "2022.??.??"]
[SourceVersionDate "2023.06.22"]

1. d4 Nf6 2. Nf3 b6 3. g3 Bb7 4. Bg2 g6 5. O-O Bg7 6. b3 O-O 7. Bb2 c5 8. c4
cxd4 9. Qxd4 Nc6 10. Qh4 e6 11. Rd1 d5 12. cxd5 Nxd5 13. Bxg7 Qxh4 14. Nxh4
Kxg7 15. Bxd5 exd5 16. Rxd5 Nb4 17. Rd2 Rfd8 18. Nf3 Bxf3 19. exf3 Rac8 20.
Rxd8 Rxd8 1/2-1/2

[Event "Solingen 3- Erkenschwick"]
[Site "?"]
[Date "2022.10.16"]
[Round "3.5"]
[White "Jonkman, Harmen"]
[Black "Borchert, Stephan"]
[Result "1-0"]
[WhiteElo "2337"]
[BlackElo "2097"]
[PlyCount "57"]
[EventDate "2022.??.??"]
[SourceVersionDate "2023.06.22"]

1. e4 e5 2. Nf3 Nc6 3. Bc4 Nf6 4. d3 Be7 5. O-O O-O 6. h3 d5 7. exd5 Nxd5 8.
Re1 Bf6 9. a4 Re8 10. a5 a6 11. Nbd2 b5 12. axb6 cxb6 13. Ne4 Bb7 14. Nxf6+
Nxf6 15. Be3 b5 16. Bb3 h6 17. Bd2 Qd6 18. Re3 Nd5 19. Re4 Nce7 20. Nxe5 Nf5
21. Nf3 Nde7 22. Bf4 Qd8 23. Ne5 Nd5 24. Qh5 g6 25. Nxg6 fxg6 26. Qxg6+ Ng7 27.
Bxh6 Qd7 28. Rae1 Bc6 29. Bxg7 1-0

[Event "Solingen 3- Erkenschwick"]
[Site "?"]
[Date "2022.10.16"]
[Round "3.6"]
[White "Peschel, Andreas"]
[Black "Erwich, Marc"]
[Result "0-1"]
[WhiteElo "2102"]
[BlackElo "2371"]
[PlyCount "98"]
[EventDate "2022.??.??"]
[SourceVersionDate "2023.06.22"]

1. d4 d5 2. Nf3 Nf6 3. c4 e6 4. g3 Bb4+ 5. Bd2 Be7 6. Bg2 O-O 7. O-O Ne4 8. Nc3
Nxd2 9. Qxd2 c6 10. Rfd1 Nd7 11. e4 dxc4 12. Qe2 Nb6 13. e5 a5 14. Ne4 a4 15.
a3 Ra5 16. Rac1 Rd5 17. Qc2 f5 18. exf6 gxf6 19. Qe2 Bd7 20. Nc3 Ra5 21. Nd2
Qa8 22. Nxc4 Nxc4 23. Qxc4 Qa6 24. Bf1 Qxc4 25. Bxc4 b5 26. Bf1 b4 27. axb4
Bxb4 28. Ne4 Kf7 29. Nc5 Bxc5 30. Rxc5 Rfa8 31. Rdc1 Rxc5 32. Rxc5 Ke7 33. Rh5
Rb8 34. Rxh7+ Kd6 35. Rh5 f5 36. g4 Rxb2 37. gxf5 exf5 38. Rh6+ Kc7 39. Rh3 Be6
40. Ra3 Ra2 41. Rc3 Ra1 42. Kg2 Bd5+ 43. f3 a3 44. Bc4 a2 45. Bxa2 Rxa2+ 46.
Kg3 Kd6 47. h4 Ke6 48. Re3+ Kf6 49. Kf4 Rd2 0-1

[Event "Solingen 3- Erkenschwick"]
[Site "?"]
[Date "2022.10.16"]
[Round "3.7"]
[White "Van Beek, Alexander"]
[Black "Waagener, Ulrich"]
[Result "0-1"]
[WhiteElo "2294"]
[BlackElo "2123"]
[PlyCount "130"]
[EventDate "2022.??.??"]
[SourceVersionDate "2023.06.22"]

1. e4 Nf6 2. e5 Nd5 3. d4 d6 4. Nf3 dxe5 5. Nxe5 c6 6. Bc4 Be6 7. O-O Nd7 8.
Nf3 Nc3 9. Qd3 Bxc4 10. Qxc4 Nxb1 11. Rxb1 e6 12. b4 Be7 13. b5 Nb6 14. Qe2 O-O
15. c4 Bf6 16. Rd1 Rc8 17. Rb3 cxb5 18. c5 Na4 19. Ne5 Bxe5 20. dxe5 Qe7 21.
Rg3 g6 22. Bg5 Nc3 23. Qh5 Qxc5 24. Qxh7+ Kxh7 25. Rh3+ Kg8 26. Bf6 Qxf2+ 27.
Kxf2 Ne4+ 28. Ke3 Nxf6 29. exf6 Rc3+ 30. Ke4 Rc4+ 31. Ke5 Rfc8 32. Rd7 R8c5+
33. Kd6 Rd5+ 34. Ke7 Rxd7+ 35. Kxd7 e5 36. Re3 e4 37. g4 g5 38. Ke7 b4 39. Re2
Rc7+ 40. Kd6 Rc6+ 41. Ke5 Kh7 42. Kf5 Rc5+ 43. Kxe4 Kg6 44. Kd4 b6 45. Rf2 a5
46. h3 Rc3 47. Rh2 Kxf6 48. h4 gxh4 49. Rxh4 Ra3 50. Rh6+ Kg5 51. Rxb6 Rxa2 52.
Rb7 Kg6 53. Rb5 Ra3 54. Kc4 b3 55. Kc3 a4 56. Kb2 Ra2+ 57. Kc1 Rc2+ 58. Kb1 a3
59. Rxb3 Rb2+ 60. Rxb2 axb2 61. Kxb2 Kg5 62. Kc3 Kxg4 63. Kd2 Kf3 64. Ke1 f5
65. Kf1 f4 0-1

[Event "Solingen 3- Erkenschwick"]
[Site "?"]
[Date "2022.10.16"]
[Round "3.8"]
[White "Erkay, Necip Ali"]
[Black "Eggenstein, Frank"]
[Result "1-0"]
[WhiteElo "1957"]
[BlackElo "2004"]
[PlyCount "55"]
[EventDate "2022.??.??"]
[SourceVersionDate "2023.06.22"]

1. d4 d5 2. c4 e6 3. Nf3 Nf6 4. g3 c6 5. Bg2 Be7 6. O-O O-O 7. Qc2 b6 8. Rd1 a5
9. Ne5 Nfd7 10. Nxd7 Qxd7 11. e4 Bb7 12. Be3 Na6 13. a3 Nc7 14. Nd2 Rfc8 15.
Rac1 Ne8 16. Qb1 Nc7 17. h4 Na6 18. Nf3 Qe8 19. Ne5 Bf8 20. Ng4 dxe4 21. Bxe4
f5 22. Bd3 fxg4 23. Bxh7+ Kh8 24. Bg6 Qd8 25. Qe4 Qf6 26. Qxg4 Bd6 27. Qh5+ Kg8
28. Bg5 1-0

[Event "Lippstadt- Oberhausen"]
[Site "?"]
[Date "2022.10.16"]
[Round "3.1"]
[White "Becker, Marcel"]
[Black "Jesse, Ingemars"]
[Result "0-1"]
[WhiteElo "2315"]
[BlackElo "2363"]
[PlyCount "52"]
[SourceVersionDate "2023.06.22"]

1. d4 d5 2. c4 c5 3. cxd5 Qxd5 4. Nf3 cxd4 5. Nc3 Qa5 6. Nxd4 Nf6 7. Nb3 Qc7 8.
g3 e5 9. Bg2 Bb4 10. Bd2 O-O 11. O-O Rd8 12. Rc1 Nc6 13. Qc2 Be6 14. Bg5 Rac8
15. Ne4 Be7 16. Nxf6+ Bxf6 17. Bxf6 gxf6 18. Nc5 Nd4 19. Nxe6 Qxc2 20. Rxc2
fxe6 21. Rxc8 Nxe2+ 22. Kh1 Rxc8 23. Bxb7 Rb8 24. Ba6 Rxb2 25. Bc4 Nd4 26. f4
e4 0-1

[Event "Lippstadt- Oberhausen"]
[Site "?"]
[Date "2022.10.16"]
[Round "3.2"]
[White "Wagner, Alexej"]
[Black "Hort, Vlastimil"]
[Result "1-0"]
[WhiteElo "2272"]
[BlackElo "2335"]
[PlyCount "53"]
[SourceVersionDate "2023.06.22"]

1. d4 Nf6 2. c4 g6 3. Nc3 d5 4. cxd5 Nxd5 5. e4 Nxc3 6. bxc3 Bg7 7. Bc4 c5 8.
Ne2 cxd4 9. cxd4 Nc6 10. Be3 O-O 11. O-O b6 12. Rc1 Bb7 13. Bb5 Rc8 14. Qd2 a6
15. Bc4 b5 16. Bb3 Qa5 17. d5 Qxd2 18. Bxd2 Ne5 19. Bg5 f6 20. Bf4 Rxc1 21.
Rxc1 Rc8 22. Bxe5 fxe5 23. d6+ Kf8 24. d7 Rd8 25. Be6 a5 26. Rc7 Ba6 27. Ra7
1-0

[Event "Lippstadt- Oberhausen"]
[Site "?"]
[Date "2022.10.16"]
[Round "3.3"]
[White "Kummerow, Heiko"]
[Black "Besou, Hussain"]
[Result "1-0"]
[WhiteElo "2198"]
[BlackElo "2106"]
[PlyCount "61"]
[SourceVersionDate "2023.06.22"]

1. e4 c6 2. d4 d5 3. e5 c5 4. dxc5 e6 5. a3 Bxc5 6. b4 Be7 7. Nf3 a5 8. b5 Nd7
9. c4 dxc4 10. Nbd2 Nb6 11. Qc2 Bd7 12. Nxc4 Rc8 13. Bb2 Nh6 14. Qe4 Nxc4 15.
Bxc4 Qb6 16. a4 Bb4+ 17. Ke2 Bc5 18. Rac1 Bxf2 19. Rhd1 Nf5 20. Rd3 Bc6 21. Bd5
Ne7 22. Bxc6+ bxc6 23. Ba3 Nd5 24. Nd2 Bg1 25. Qf3 Rd8 26. Nc4 Qa7 27. bxc6
Bxh2 28. g3 Qa6 29. c7 Nxc7 30. Nd6+ Rxd6 31. exd6 1-0

[Event "Lippstadt- Oberhausen"]
[Site "?"]
[Date "2022.10.16"]
[Round "3.4"]
[White "Tran, Duc Cuong"]
[Black "Alkhazashvili, Ololi"]
[Result "0-1"]
[WhiteElo "2067"]
[BlackElo "2197"]
[PlyCount "68"]
[SourceVersionDate "2023.06.22"]

1. d4 Nf6 2. Bf4 g6 3. Nc3 d5 4. e3 Bg7 5. h4 h5 6. Nf3 Bg4 7. Be2 a6 8. Ne5
Bxe2 9. Qxe2 Nbd7 10. O-O-O c6 11. f3 Rc8 12. g4 Nf8 13. e4 Ne6 14. Be3 hxg4
15. Nxg4 Nh5 16. Qd2 b5 17. Kb1 b4 18. Ne2 a5 19. Nf2 Rb8 20. Nh3 a4 21. Nhf4
Nexf4 22. Nxf4 b3 23. cxb3 dxe4 24. Nxh5 Rxh5 25. fxe4 axb3 26. a3 Qd7 27. Qd3
Rbb5 28. Qc4 Kf8 29. Rc1 Bf6 30. Bf2 c5 31. dxc5 Qd2 32. Rc3 Bxc3 33. Qxc3 Qxf2
34. Rd1 Qc2+ 0-1

[Event "Lippstadt- Oberhausen"]
[Site "?"]
[Date "2022.10.16"]
[Round "3.5"]
[White "Mancic, Ivan"]
[Black "Fecke, Andreas"]
[Result "1-0"]
[WhiteElo "2127"]
[BlackElo "2123"]
[PlyCount "49"]
[SourceVersionDate "2023.06.22"]

1. d4 d6 2. Nf3 Nf6 3. c4 Nbd7 4. Nc3 e5 5. g3 Be7 6. Bg2 O-O 7. O-O c6 8. e4
a6 9. Re1 b5 10. c5 exd4 11. Nxd4 Bb7 12. cxd6 Bxd6 13. Nxc6 Bxc6 14. Qxd6 Rc8
15. Bg5 Qa5 16. e5 Bxg2 17. exf6 b4 18. fxg7 Rfe8 19. Rxe8+ Rxe8 20. Qxd7 Re6
21. Kxg2 bxc3 22. Qd8+ Qxd8 23. Bxd8 cxb2 24. Rb1 Rd6 25. Be7 1-0

[Event "Lippstadt- Oberhausen"]
[Site "?"]
[Date "2022.10.16"]
[Round "3.6"]
[White "Laurenz, Waldemar"]
[Black "Ciornei, Dragos"]
[Result "1/2-1/2"]
[WhiteElo "1967"]
[BlackElo "2126"]
[PlyCount "74"]
[SourceVersionDate "2023.06.22"]

1. d4 Nf6 2. Nf3 g6 3. g3 Bg7 4. Bg2 d6 5. O-O O-O 6. c4 Nbd7 7. Nc3 e5 8. d5
a5 9. e4 Nc5 10. Re1 Ne8 11. Bg5 f6 12. Be3 Bd7 13. b3 b6 14. Qd2 f5 15. Bg5
Bf6 16. exf5 gxf5 17. Rad1 e4 18. Bxf6 Qxf6 19. Qg5+ Qxg5 20. Nxg5 Nf6 21. Bf1
Ng4 22. Nh3 Ne5 23. Re3 Ng6 24. Ne2 Nd3 25. Nef4 Ndxf4 26. Nxf4 Nxf4 27. gxf4
Kf7 28. Be2 Rg8+ 29. Rg3 Kf6 30. Rc1 Rg6 31. Rcc3 Be8 32. Kf1 Bf7 33. Rce3 Rxg3
34. hxg3 h6 35. Rc3 Bg6 36. Kg2 Re8 37. Kh3 Ra8 1/2-1/2

[Event "Lippstadt- Oberhausen"]
[Site "?"]
[Date "2022.10.16"]
[Round "3.7"]
[White "Nissen, Claus"]
[Black "Hagenhoff, Georg"]
[Result "1-0"]
[WhiteElo "2201"]
[BlackElo "1835"]
[PlyCount "37"]
[SourceVersionDate "2023.06.22"]

1. Nf3 g6 2. d4 Bg7 3. e4 d6 4. h3 Nd7 5. Be3 c5 6. c3 Qb6 7. Qc2 a5 8. Nbd2 e5
9. dxc5 dxc5 10. Nc4 Qc7 11. Rd1 Bf8 12. a4 Be7 13. Be2 b6 14. O-O Bb7 15. Rxd7
Kxd7 16. Ncxe5+ Ke8 17. Bc4 Nf6 18. Bxf7+ Kf8 19. Bh6# 1-0

[Event "Lippstadt- Oberhausen"]
[Site "?"]
[Date "2022.10.16"]
[Round "3.8"]
[White "Besou, Mustafa"]
[Black "Voge, Andreas"]
[Result "0-1"]
[WhiteElo "1503"]
[BlackElo "2061"]
[PlyCount "50"]
[SourceVersionDate "2023.06.22"]

1. e4 c5 2. Nf3 d6 3. d4 cxd4 4. Nxd4 Nf6 5. Nc3 a6 6. Bg5 e6 7. Qd2 Be7 8. Be2
Nbd7 9. O-O Qc7 10. f4 h6 11. Bxf6 Bxf6 12. Rad1 O-O 13. f5 Ne5 14. fxe6 fxe6
15. Nf3 Nxf3+ 16. Rxf3 Be5 17. Rxf8+ Kxf8 18. Bh5 Qc5+ 19. Kh1 Bxc3 20. Qf4+
Bf6 21. Rxd6 Qxh5 22. Rd8+ Kf7 23. Qc7+ Kg6 24. Rd3 Be5 25. Qe7 Qxh2# 0-1